Skandia Property (UK) Ltd and Vala Properties BV v Thames Water Utilities (Record no. 52720)
[ view plain ]
| 000 -LEADER | |
|---|---|
| fixed length control field | 01288cab a2200241 4500 |
| 001 - CONTROL NUMBER | |
| control field | X83470 |
| 008 - FIXED-LENGTH DATA ELEMENTS--GENERAL INFORMATION | |
| fixed length control field | 090401t1998 xxu||||| |||| 00| 0 eng d |
| 035 ## - SYSTEM CONTROL NUMBER | |
| System control number | (Sirsi) u83470 |
| 041 ## - LANGUAGE CODE | |
| Language code of text/sound track or separate title | eng |
| 245 ## - TITLE STATEMENT | |
| Title | Skandia Property (UK) Ltd and Vala Properties BV v Thames Water Utilities |
| 260 ## - PUBLICATION, DISTRIBUTION, ETC. | |
| Date of publication, distribution, etc. | 1998 |
| 350 ## - PRICE (NR) (BK AM CF MU VM SE) [OBSOLETE] | |
| Price | 0 |
| 490 ## - SERIES STATEMENT | |
| Series statement | Construction Industry Law Letter |
| Volume/sequential designation | [1998] CILL 1326-1328(3) |
| 520 ## - SUMMARY, ETC. | |
| Summary, etc. | QBD 1997. A fracture occurred in one of the defendant`s underground mains causing substantial flooding in the basement and sub-basement owned by the first plaintiff and leased by the second plaintiff. Extensive waterproofing of the basement and sub-basement was subsequently carried out by the second plaintiff but there was evidence of other damp which had been noticeable for eighteen months before the leak. There was no dispute about the defendant`s liability pursuant to the Water Act 1981 s6(1) but as to what extent the works carried out were caused by the defendant`s breach of duty. |
| 650 ## - SUBJECT ADDED ENTRY--TOPICAL TERM | |
| Topical term or geographic name entry element | BASEMENTS |
| 650 ## - SUBJECT ADDED ENTRY--TOPICAL TERM | |
| Topical term or geographic name entry element | FLOOD DAMAGE |
| 650 ## - SUBJECT ADDED ENTRY--TOPICAL TERM | |
| Topical term or geographic name entry element | LIABILITY |
| 650 ## - SUBJECT ADDED ENTRY--TOPICAL TERM | |
| Topical term or geographic name entry element | SKANDIA PROPERTY (UK) LTD & VALA PROPERTIES BV V THAMES WATER |
| 650 ## - SUBJECT ADDED ENTRY--TOPICAL TERM | |
| Topical term or geographic name entry element | UNDERGROUND WATER MAINS |
| 690 ## - LOCAL SUBJECT ADDED ENTRY--TOPICAL TERM (OCLC, RLIN) | |
| Topical term or geographic name as entry element | PROPERTY LAW AND PRACTICE-CASE LAW |
| 942 ## - ADDED ENTRY ELEMENTS (KOHA) | |
| Suppress in OPAC | 0 |
| 948 ## - LOCAL PROCESSING INFORMATION (OCLC); SERIES PART DESIGNATOR (RLIN) | |
| c (OCLC) | 02/02/1998 |
| Withdrawn status | Lost status | Source of classification or shelving scheme | Damaged status | Not for loan | Home library | Current library | Shelving location | Date acquired | Total Checkouts | Full call number | Barcode | Date last seen | Copy number | Price effective from | Koha item type |
|---|---|---|---|---|---|---|---|---|---|---|---|---|---|---|---|
| Other/Generic Classification Scheme | London | London | Journal article | 14/09/1999 | X83470 | 83470-1001 | 06/08/2019 | 1 | 06/08/2019 | Law report |